<?xml version="1.0" encoding="UTF-8"?>
<collection xmlns="http://www.loc.gov/MARC21/slim">
 <record>
  <leader>01317nab a2200169 i 4500</leader>
  <controlfield tag="001">univ76949</controlfield>
  <controlfield tag="005">20260312143735.0</controlfield>
  <controlfield tag="008">260312s2026    hu      o     000   hun d</controlfield>
  <datafield tag="040" ind1=" " ind2=" ">
   <subfield code="a">SZTE UnivHistória Repozitórium</subfield>
   <subfield code="b">hun</subfield>
  </datafield>
  <datafield tag="041" ind1=" " ind2=" ">
   <subfield code="a">hun</subfield>
  </datafield>
  <datafield tag="245" ind1="0" ind2="0">
   <subfield code="a">DNS-védelem </subfield>
   <subfield code="h">[elektronikus dokumentum] :</subfield>
   <subfield code="b">SZTE-s kutatók vizsgálják, hogyan javíthatók hatékonyabban a sugárzás okozta károsodások</subfield>
  </datafield>
  <datafield tag="260" ind1=" " ind2=" ">
   <subfield code="c">2026-03-11</subfield>
  </datafield>
  <datafield tag="490" ind1="0" ind2=" ">
   <subfield code="a">SZTE Info</subfield>
  </datafield>
  <datafield tag="561" ind1=" " ind2=" ">
   <subfield code="a">Egyetemi hirarchívum</subfield>
  </datafield>
  <datafield tag="695" ind1=" " ind2=" ">
   <subfield code="a">SZTE Interdiszciplináris Kutatásfejlesztési és Innovációs Kiválósági Központ - IKIKK, Természettudományi és Informatikai Kar - TTIK, Biológia Intézet, Biotechnológiai és Mikrobiológiai Tanszék, Gácser Attila - intézetvezető egyetemi tanár, HUNOR - Magyar Űrhajós Program, Kutatás - kozmikus sugárzás okozta károsodások, Kutatás - sejtek természetes DNS-javító képessége - DNS-javító fehérjék, Betegellátás - daganatos megbetegedések - sugárkezelésének mellékhatásai</subfield>
  </datafield>
  <datafield tag="700" ind1="0" ind2="2">
   <subfield code="a">Kovács-Jerney Ádám</subfield>
  </datafield>
  <datafield tag="856" ind1="4" ind2="0">
   <subfield code="u">http://univ.bibl.u-szeged.hu/76949/1/Szegedi%20Tudom%C3%A1nyegyetem%20_%20DNS-v%C3%A9delem_%20SZTE-s%20kutat%C3%B3k%20vizsg%C3%A1lj%C3%A1k%2C%20hogyan%20jav%C3%ADthat%C3%B3k%20hat%C3%A9konyabban%20a%20sug%C3%A1rz%C3%A1s%20okozta%20k%C3%A1rosod%C3%A1sok.pdf</subfield>
   <subfield code="z">Dokumentum-elérés </subfield>
  </datafield>
 </record>
</collection>
